00000000nam 2200000zi 4500
0019.948825
003CaOODSP
00520250829145726
006m     o  d f      
007cr cn|||||||||
008250305e202507##oncad   ob   f000 0 eng d
020 |a9780660762432
040 |aCaOODSP|beng|erda|cCaOODSP
043 |an-cn---
0861 |aT94-54/2025-1E-PDF
24500|aEveryone counts 2024 : |bhighlights report, part 1 - enumeration of homelessness.
264 1|aOttawa, Ontario : |bHousing, Infrastructure and Communities Canada = Logement, Infrastructures et Collectivités Canada, |cJuly 2025.
264 4|c©2025
300 |a1 online resource (9 unnumbered pages) : |billustrations, graphs.
336 |atext|btxt|2rdacontent
337 |acomputer|bc|2rdamedia
338 |aonline resource|bcr|2rdacarrier
500 |aCover title.
500 |aIssued also in French under title: Tout le monde compte 2024 : rapport sur les faits saillants, partie 1 - l'énumération de l'itinérance.
504 |aIncludes bibliographical references.
520 |a"In October and November 2024, communities in nearly every province and territory participated in Everyone Counts, the fourth nationally coordinated Point-in-Time (PiT) Count of homelessness. The results from these counts provide a snapshot of homelessness in communities across Canada"--Introduction, page [3].
650 0|aHomeless persons|zCanada|xStatistics.
7101 |aCanada. |bHousing, Infrastructure and Communities Canada, |eissuing body.
77508|tTout le monde compte 2024 : |w(CaOODSP)9.948826
795 |tEveryone counts 2020-2022 : |b2024|w(CaOODSP)9.938269
85640|qPDF|s320 KB|uhttps://publications.gc.ca/collections/collection_2025/infc/T94-54-2025-1-eng.pdf
8564 |qHTML|sN/A|uhttps://housing-infrastructure.canada.ca/homelessness-sans-abri/reports-rapports/pit-counts-dp-2024-highlights-p1-eng.html